User's guide to Microsoft Windows 3.1 for the microsoft windows operating system (Record no. 6508)

000 -LEADER
fixed length control field 00409 a2200121 4500
082 ## - DEWEY DECIMAL CLASSIFICATION NUMBER
Classification number 005.4469
245 ## - TITLE STATEMENT
Title User's guide to Microsoft Windows 3.1 for the microsoft windows operating system
Statement of responsibility, etc. Microsoft
260 ## - PUBLICATION, DISTRIBUTION, ETC.
Place of publication, distribution, etc. Taiwain :
Name of publisher, distributor, etc. Microsoft Corporation PLC,
Date of publication, distribution, etc. 1992.
300 ## - PHYSICAL DESCRIPTION
Extent xxxvii, 432 p. :
Other physical details ill.;
Dimensions 24 cm.
500 ## - GENERAL NOTE
General note Includes Index
650 ## - SUBJECT ADDED ENTRY--TOPICAL TERM
Topical term or geographic name entry element Microsoft Windows (Computer file)
942 ## - ADDED ENTRY ELEMENTS (KOHA)
Koha item type Book
Call number prefix 005.4469 MIC
Holdings
Withdrawn status Lost status Damaged status Not for loan Collection code Permanent Location Current Location Shelving location Date acquired Total Checkouts Full call number Barcode Date last seen Price effective from Koha item type
          Central Library (CL) Central Library (CL) First Floor - Operating System/ Data Structure 05/07/2014   005.4469 MIC SEECSD00266 11/14/2012 01/05/2017 Book
© 2023 Central Library, National University of Sciences and Technology. All Rights Reserved.